Genetic and environmental factors in experimental and human cancer : proceedings of the 10th International Symposium of the Princess Takamatsu Cancer Research Fund, Tokyo, 1979

保存先:
書誌詳細
フォーマット: 図書
言語:Undetermined
出版事項: Tokyo Japan Scientific Societies Press 1980
主題:
タグ: タグ追加
タグなし, このレコードへの初めてのタグを付けませんか!
Thư viện lưu trữ: Trung tâm Học liệu Trường Đại học Cần Thơ
LEADER 00761nam a2200205Ia 4500
001 CTU_127330
008 210402s9999 xx 000 0 und d
082 |a 616.994071 
082 |b G328 
245 0 |a Genetic and environmental factors in experimental and human cancer : 
245 0 |b proceedings of the 10th International Symposium of the Princess Takamatsu Cancer Research Fund, Tokyo, 1979 
245 0 |c edited by Harry V. Gleboin ... [et al.]. 
260 |a Tokyo 
260 |b Japan Scientific Societies Press 
260 |c 1980 
650 |a Cancer,Oncology, Experimental,Cancer 
650 |x Genetic aspects,Congresses,Environmental aspects 
650 |y Congresses 
904 |i Nguyên 
980 |a Trung tâm Học liệu Trường Đại học Cần Thơ